|
|
|
|
| LEADER |
01732nam a2200289 a 4500 |
| 001 |
728171 |
| 008 |
090611s1999 nyua 001 0 eng d |
| 010 |
|
|
|a 98044988
|
| 020 |
|
|
|a 0471295590 (cloth : alk. paper)
|
| 040 |
|
|
|a DLC
|c DLC
|d DLC
|
| 082 |
0 |
0 |
|a 658.3/14
|2 21
|
| 100 |
1 |
|
|a Smith, Douglas K.,
|d 1949-
|
| 245 |
1 |
0 |
|a Make success measurable! :
|b a mindbook-workbook for setting goals and taking action /
|c Douglas K. Smith.
|
| 260 |
|
|
|a New York :
|b Wiley ;
|c c1999.
|
| 300 |
|
|
|a xii, 244 p. :
|b ill. ;
|c 25 cm.
|
| 504 |
|
|
|a Includes index.
|
| 541 |
1 |
|
|e 00010711
|
| 650 |
|
0 |
|a Goal setting in personnel management.
|
| 650 |
|
0 |
|a Performance standards.
|
| 852 |
4 |
|
|a Ayesha Abed Library
|j General shelf
|
| 999 |
|
|
|c 1303
|d 1303
|
| 952 |
|
|
|0 0
|1 0
|2 ddc
|4 0
|6 658_314000000000000_SMI_1999
|7 0
|9 8239
|a BRACUL
|b BRACUL
|c GEN
|d 2010-02-17
|l 2
|m 6
|o 658.314 SMI
|p 3010010711
|r 2019-04-04
|s 2019-02-26
|t 1
|w 2010-02-17
|y BK
|
| 952 |
|
|
|0 0
|1 0
|2 ddc
|4 0
|6 658_314000000000000_SMI_1999
|7 0
|9 13331
|a BRACUL
|b BRACUL
|c GEN
|d 2010-11-28
|l 2
|m 27
|o 658.314 SMI
|p 3010007704
|r 2022-04-04
|s 2019-11-17
|t 2
|w 2010-11-28
|y BK
|
| 952 |
|
|
|0 0
|1 0
|2 ddc
|4 0
|6 658_314000000000000_SMI_1999
|7 0
|9 18067
|a BRACUL
|b BRACUL
|c GEN
|d 2011-09-18
|l 1
|m 19
|o 658.314 SMI
|p 3010010710
|r 2025-11-02
|s 2025-06-24
|t 3
|w 2011-09-18
|y BK
|
| 952 |
|
|
|0 0
|1 0
|2 ddc
|4 0
|6 658_314000000000000_SMI_1999
|7 0
|9 18068
|a BRACUL
|b BRACUL
|c GEN
|d 2011-09-18
|l 0
|o 658.314 SMI
|p 3010010712
|r 2011-09-18
|t 4
|w 2011-09-18
|y BK
|
| 952 |
|
|
|0 0
|1 0
|2 ddc
|4 0
|6 658_314000000000000_SMI_1999
|7 0
|9 18069
|a BRACUL
|b BRACUL
|c GEN
|d 2011-09-18
|l 1
|m 14
|o 658.314 SMI
|p 3010010709
|r 2024-03-19
|s 2023-10-30
|t 5
|w 2011-09-18
|y BK
|
| 952 |
|
|
|0 0
|1 0
|2 ddc
|4 0
|6 658_314000000000000_SMI
|7 0
|9 43322
|a SCL
|b SCL
|c GEN
|d 2000-12-09
|l 0
|o 658.314 SMI
|p 3020002958
|r 2014-07-20
|t 6
|w 2014-07-20
|y BK
|